000 01313nam a2200337 4500
001 175686
003 ES-MaACL
005 20250730063151.0
008 101116s1999 sp co |||| |dspa d
020 _a84-921880-1-4
080 _a308-054.7(=1.460)"19"
080 _a314.7(460)"19"
100 1 _aSantos, Félix,
_d1937-
_9138762
245 1 0 _aExiliados y emigrados 1939-1999 /
_cFélix Santos.
260 _aMadrid :
_bFundación Españoles en el Mundo,
_c1999.
300 _a40 p. :
_bil., fot. ;
_c27 cm.
490 1 _aCuadernos de la Fundación Españoles en el Mundo ;
_v22
504 _aBibliografía: p. 39.
505 8 _aContiene: Poblaciones deplazadas: una constante histórica. Los exiliados de la guerra civil. La emigración económica a Europa.
597 _aTexto a dos columnas.
599 _aRetr. del autor.
599 _aFot. de la Fundación Agencia EFE.
650 0 7 _aExiliados españoles-
_y1936-1939.
_912657
650 0 4 _aExiliados españoles-
_y1939-1975.
_912658
650 0 4 _aExiliados españoles.
_912656
651 7 _aEspaña-
_xEmigración-
_yS.XX.
_98193
710 2 _aFundación Españoles en el Mundo.
_94290
830 0 _aCuadernos de la Fundación Españoles en el Mundo ;
_v22
_9179150
852 _aES-MaACL
_j2286-F-12
999 _c175686
_d175686